00500nam a22001577a 450000500170000001000270001702000240004403500270006803700310009508200060012610000260013224500440015826000370020227000730023930000300031220110811163333.0 aB-428578-601 B-442793 a97881906173c195.00 aB-428578-601 B-442793 bResearchco Book Centre/Ven aN aSingh, Krishan Partap aDelhi durbar /cby Krishan Partap Singh aGurgaon:bHachette India,c2010. a612/614 (6th Floot), Time Tower, MG Road Sector 28,bGurgaone122001 axiii, 291 p.c18 cm (Pbk)